Pensamento teológico de D. Miguel de Annunciaçao: bispo de Coimbra (1741-1779 ) e renovador da diocese

Uloženo v:
Podrobná bibliografie
Hlavní autor: Pimentel Lavrador, Joao Evangelista (Autor)
Médium: Kniha
Jazyk:portugalština
Vydáno: Coimbra Universidad Pontificia de Salamanca 1995
Témata:
Tagy: Přidat tag
Žádné tagy, Buďte první, kdo vytvoří štítek k tomuto záznamu!

MARC

LEADER 00000nam a2200000 a 4500
001 UCZ2710
003 CL-VaPUC
008 951005e19950000PO |||||||||||||||||por|d
082 0 4 |a 201.1  |b PIM  |2 21 
100 0 |a Pimentel Lavrador, Joao Evangelista  |e author  |9 346472 
245 1 0 |a Pensamento teológico de D. Miguel de Annunciaçao: bispo de Coimbra (1741-1779 ) e renovador da diocese 
300 |a 476 p 
942 |c BK 
945 |d 19951005 00:00:00  |a aalvarez 
260 |a Coimbra  |b Universidad Pontificia de Salamanca  |c 1995 
600 0 7 |a ANNUNCIAÇAO, MIGUEL DA  |2 CL-VaPUC  |9 346473 
650 0 |a Teología   |9 258766 
583 |a last modification  |c 19951005 00:00:00  |k Rodrigo Vera 
999 |c 239268  |d 239266 
952 |0 0  |1 2  |4 0  |6 201_100000000000000_PIM_1995  |7 0  |8 A  |9 250297  |a BIBTEO  |b BIBTEO  |d 2019-11-18  |i 3137481  |o 201.1 PIM 1995  |p 3137481  |r 2019-11-18  |w 2019-11-18  |x Descarte 2019  |y BK  |k ICR